[Event "AUT-ch U16/18 Girls"]
[Site "St Veit"]
[Date "2023.04.06"]
[Round "7"]
[White "Uprimny, Naomi"]
[Black "Wielander, Magdalena"]
[Result "1/2-1/2"]
[WhiteElo "1531"]
[BlackElo "1171"]
[PlyCount "83"]
[EventDate "2023.04.02"]
[EventType "swiss"]
[EventRounds "7"]
[EventCountry "AUT"]
[SourceTitle "EXT 2024"]
[Source "ChessBase"]
[SourceDate "2023.10.10"]
[SourceVersion "1"]
[SourceVersionDate "2023.10.10"]
[SourceQuality "1"]

1. e4 e6 2. d4 d5 3. Nc3 dxe4 4. Nxe4 Nf6 5. Nxf6+ Qxf6 6. Nf3 Qd8 7. b3 Nd7 8. Bb2 Nf6 9. Bd3 Be7 10. 0-0 0-0 11. Re1 b6 12. Qe2 c5 13. Rad1 Qc7 14. dxc5 Bxc5 15. Bxf6 gxf6 16. Qe4 f5 17. Qxa8 Bb7 18. Qxa7 Ra8 19. Qxa8+ Bxa8 20. Bc4 Bxf3 21. gxf3 Qf4 22. Kg2 h5 23. Rh1 e5 24. Be2 e4 25. Rhf1 e3 26. fxe3 Qxe3 27. Bd3 Qg5+ 28. Kh1 Kf8 29. Rde1 h4 30. f4 Qg6 31. Rf3 Kg7 32. b4 Qc6 33. Ref1 Bxb4 34. Bxf5 Bd6 35. Kg2 Bxf4 36. Kh3 Bg5 37. Bd3 f6 38. R3f2 Qe6+ 39. Bf5 Qxa2 40. Bd3 Qe6+ 41. Bf5 Qe3+ 42. Rf3 1/2-1/2